All MotoGP podiums 2010–2019 - Statistics

General Stats
  • This quiz has been taken 157 times
  • The average score is 16 of 26
Answer Stats
Podiums Name Nationality % Correct
70 Valentino Rossi Italy
98%
95 Marc Márquez Spain
97%
96 Jorge Lorenzo Spain
95%
74 Dani Pedrosa Spain
90%
35 Casey Stoner Australia
89%
58 Andrea Dovizioso Italy
84%
7 Fabio Quartararo France
82%
6 Jack Miller Australia
78%
19 Cal Crutchlow UK
75%
6 Johann Zarco France
75%
2 Nicky Hayden USA
71%
23 Maverick Viñales Spain
70%
1 Aleix Espargaró Spain
68%
1 Pol Espargaró Spain
68%
8 Álex Rins Spain
64%
9 Danilo Petrucci Italy
62%
11 Andrea Iannone Italy
56%
1 Stefan Bradl Germany
52%
6 Ben Spies USA
43%
3 Álvaro Bautista Spain
38%
1 Jonas Folger Germany
38%
2 Marco Simoncelli Italy
35%
2 Bradley Smith UK
30%
1 Colin Edwards USA
29%
2 Scott Redding UK
26%
1 Katsuyuki Nakasuga Japan
11%
No matching quizzes found
Score Distribution
Percent of People with Each Score
Percentile by Number Answered
Your Score History
You have not taken this quiz